mysqli: Table './ulib62015/stat_globaluid' is marked as crashed and should be repaired
select id from stat_globaluid where statuid='20260518005004_4448'
mysqli: Table './ulib62015/stat_globaluid' is marked as crashed and should be repaired
DELETE FROM stat_globaluid
WHERE id NOT IN (
SELECT id
FROM (
SELECT id
FROM stat_globaluid
ORDER BY id DESC
LIMIT 100
) foo
);
mysqli: Table './ulib62015/stat_globaluid' is marked as crashed and should be repaired
insert into stat_globaluid set
statuid='20260518005004_4448',
dt='1779040204',
phpself='/ULIB62015/dublinfull.php',
agent='Mozilla/5.0 AppleWebKit/537.36 (KHTML, like Gecko; compatible; ClaudeBot/1.0; +claudebot@anthropic.com)',
yea='2026',
mon='5',
dat='18',
ip='216.73.216.45'
mysqli: Table './ulib62015/stathist_viewbib_bib_type' is marked as crashed and should be repaired
insert into stathist_viewbib_bib_type set
dat='18' ,
mon='05' ,
yea='2026' ,
statuid='20260518005004_4448' ,
head='31529' ,
foot='marc' ,
dt='1779040204'
| LEADER : 01174nam 2200277 a 4500 |
| 001 31529 |
| 003 ULIB |
| 008 030417s2550 caua sb 001 0 tha |
| 020 ^a9741108961
|
| 060 04 ^aQZ4^bพ218 2550
|
| 245 00 ^aพยาธิวิทยากายวิภาค^nเล่ม 1 =^bAnatomical pathology volume 1 /^cบรรณาธิการ, ธำรง จิรจริยาเวช
|
| 246 31 ^aAnatomical pathology volume 1
|
| 250 ^aพิมพ์ครั้งที่ 1
|
| 260 ^aกรุงเทพฯ :^bเดือนตุลา,^c2550
|
| 300 ^a789 หน้า :^bภาพประกอบ ;^c30 ซม.
|
| 650 2 ^aPathology
|
| 650 4 ^aพยาธิวิทยา
|
| 650 4 ^aกายวิภาคศาสตร์
|
| 700 0 ^aธำรง จิรจริยาเวช,^eบรรณาธิการ
|
| 710 2 ^aมหาวิทยาลัยมหิดล.^bคณะแพทยศาสตร์โรงพยาบาลรามาธิบดี.^bภาควิชาพยาธิวิทยา
|
| 945 ^p1000^l0^i013177
|
| 945 ^p1000^l0^i011957 |
| 999 ^alib
|
| คุณยังไม่ได้ล็อกอิน คุณสามารถมีกิจกรรมร่วมกับเว็บไซต์ได้ แต่ต้องล็อกอินก่อน :: |
|
|
|
| ลำดับที่ |
ประเภท |
เลขเรียก/บาร์โค้ด |
สถานที่ |
สถานะ |
| 1. |
 หนังสือ | QZ4 พ218 2550 ล.1 ฉ.1 Barcode: 011957 | หนังสือทั่วไป | บนชั้น ขอยืม |
| 2. |
 หนังสือ | QZ4 พ218 2550 ล.1 ฉ.2 Barcode: 013177 | หนังสือทั่วไป | ถูกยืม กำหนดส่งวันที่ 15 กรกฎาคม 2569
จอง |
รายการใกล้เคียง
หัวเรื่อง [Pathology] หัวเรื่อง [พยาธิวิทยา] หัวเรื่อง [กายวิภาคศาสตร์]
|
|
ยังไม่เคยถูกคอมเมนท์
|
| คอมเมนท์ทรัพยากรรายการนี้ |
|